Statistics for States of the German Empire/Imperial Germany

Click here to take the quiz!

General Stats

  • This quiz has been taken 92 times
  • The average score is 10 of 26

Answer Stats

HintAnswer% Correct
Kingdom of...Prussia
97%
Kingdom of...Bavaria
96%
Kingdom of...Saxony
89%
Free and Hanseatic City of...Hamburg
88%
Free and Hanseatic City of...Bremen
76%
Kingdom of...Wurttemberg
74%
Grand Duchy of...Baden
72%
Grand Duchy of...Hesse
70%
Free and Hanseatic City of...Lubeck
58%
Duchy of...Anhalt
55%
Grand Duchy of...Oldenburg
45%
Duchy of...Brunswick
29%
Principality of...Lippe
26%
Grand Duchy of...Mecklenburg-Schwerin
20%
Grand Duchy of...Mecklenburg-Strelitz
20%
Duchy of...Saxe-Coburg and Gotha
18%
Principality of...Schaumburg-Lippe
18%
Duchy of...Saxe-Altenburg
12%
Duchy of...Saxe-Meiningen
12%
Principality of...Waldeck-Pyrmont
11%
Principality of...Reuss-Gera
9%
Duchy of...Saxe-Lauenburg
9%
Principality of...Reuss-Greiz
8%
Grand Duchy of...Saxe-Weimar-Eisenach
8%
Principality of...Schwarzburg-Rudolstadt
7%
Principality of...Schwarzburg-Sondershausen
7%

Score Distribution

Percentile by Number Answered

Percent of People with Each Score

Your Score History

You have not taken this quiz